000 00320nam a2200157Ia 4500
100 _aSheldon/Sidney
650 _aGeneral
942 _cBK
366 _f20
245 _aIf tomorrow comes
260 _bHarper collins
_c2010
082 _a808.8
_bSHE
300 _a501
546 _aENGLISH
_cComputers
999 _c30203
_d30203